000 00531nam a22002057a 4500
003 OSt
005 20231114101214.0
008 231114b |||||||| |||| 00| 0 eng d
020 _a0750637412
040 _aMUST
_cMUST
082 _a384.5 GUS 2004
100 _aGosling Willian
_916846
245 _aRadio Antennas and Propagation.
260 _aEngland
_bElsevier
_c1998
300 _bvii,259p.ill.
_c22cm.
504 _aAppendix,Index
650 _2Radio Antennas and Propagation.
654 _2Purchase.
942 _2ddc
_cBOOK
999 _c8239
_d8239